[Event "Serbia op-A"]
[Site "Belgrade"]
[Date "2025.07.22"]
[Round "8"]
[White "Vismay, Sachar"]
[Black "Popovic, Dragan B"]
[Result "0-1"]
[WhiteElo "2072"]
[BlackElo "2220"]
[PlyCount "100"]
[EventDate "2025.07.14"]
[EventType "swiss"]
[EventRounds "9"]
[EventCountry "SRB"]
[SourceTitle "CB30_2025"]
[SourceDate "2025.07.23"]
[SourceVersion "1"]
[SourceVersionDate "2025.07.23"]
[SourceQuality "1"]

1. e4 c5 2. Nf3 Nc6 3. d4 cxd4 4. Nxd4 Nf6 5. Nc3 h5 6. Nxc6 bxc6 7. e5 Ng4 8. Qd4 Qb6 9. Qxb6 axb6 10. f4 d6 11. h3 Nh6 12. Be3 b5 13. Bd3 Nf5 14. Bf2 g6 15. 0-0 Bg7 16. Rfe1 0-0 17. a3 Rb8 18. Nd1 Be6 19. Ne3 Nd4 20. Nf1 dxe5 21. Bxd4 exd4 22. Bxg6 h4 23. Be4 c5 24. f5 Bd7 25. Nd2 Rfd8 26. Nf3 Bf6 27. Rad1 Kg7 28. Bd3 c4 29. Be4 d3 30. c3 Rh8 31. Nh2 Rh5 32. Rf1 Rc8 33. Rf2 Rc5 34. Rdf1 Re5 35. Rf4 Bg5 36. Rg4 f6 37. Nf3 Rxf5 38. Bxf5 Bxf5 39. Re1 Bxg4 40. hxg4 Rh8 41. Rxe7+ Kg6 42. Kf2 Bc1 43. Nd4 h3 44. gxh3 Rxh3 45. Nf3 Bxb2 46. Rb7 d2 47. Nxd2 Rh2+ 48. Ke3 Bc1 49. Rd7 Rxd2 50. Rxd2 Kg5 0-1

[Event "Serbia op-A"]
[Site "Belgrade"]
[Date "2025.07.21"]
[Round "7"]
[White "Popovic, Dragan B"]
[Black "Stefanovic, Bosko"]
[Result "0-1"]
[WhiteElo "2220"]
[BlackElo "2136"]
[PlyCount "66"]
[EventDate "2025.07.14"]
[EventType "swiss"]
[EventRounds "9"]
[EventCountry "SRB"]
[SourceTitle "CB30_2025"]
[SourceDate "2025.07.23"]
[SourceVersion "1"]
[SourceVersionDate "2025.07.23"]
[SourceQuality "1"]

1. e4 e6 2. d4 d5 3. e5 c5 4. c3 Bd7 5. Nf3 Nc6 6. Be2 Nge7 7. Na3 cxd4 8. cxd4 Nf5 9. Nc2 f6 10. Bd3 Be7 11. 0-0 0-0 12. Bxf5 exf5 13. Re1 Be8 14. Qd3 fxe5 15. Nxe5 f4 16. Qb3 Nxe5 17. Rxe5 Bc6 18. f3 Bd6 19. Re1 Qa5 20. Qd3 Bb5 21. Qd1 Qb6 22. b3 Rfe8 23. Bb2 Rxe1+ 24. Nxe1 Re8 25. Rc1 Qa5 26. a4 Bb4 27. Nd3 Bxd3 28. Qxd3 g6 29. Rc2 Re3 30. Qb5 Qxb5 31. axb5 Rxb3 32. Bc1 Bd6 33. Kf2 Rxb5 0-1

[Event "Belgrade Radnicki IM 05"]
[Site "Belgrade"]
[Date "2025.05.19"]
[Round "3"]
[White "Popovic, Dragan B"]
[Black "Karisik, Nenad"]
[Result "1-0"]
[WhiteElo "2185"]
[BlackElo "2144"]
[PlyCount "93"]
[EventDate "2025.05.17"]
[EventType "tourn"]
[EventRounds "9"]
[EventCountry "SRB"]
[EventCategory "1"]
[SourceTitle "CB22_2025"]
[SourceDate "2025.05.28"]
[SourceVersion "1"]
[SourceVersionDate "2025.05.28"]
[SourceQuality "1"]

1. Nf3 Nf6 2. g3 g6 3. Bg2 Bg7 4. c4 0-0 5. d4 d6 6. Nc3 Nbd7 7. 0-0 e5 8. e4 c6 9. h3 Qb6 10. c5 dxc5 11. dxe5 Ne8 12. e6 fxe6 13. Ng5 Nc7 14. f4 Bd4+ 15. Kh2 Nf6 16. e5 Nfd5 17. Nce4 Ne8 18. Qg4 Ng7 19. Nxh7 Kxh7 20. Ng5+ Kg8 21. Qh4 Nh5 22. g4 Ne7 23. gxh5 Nf5 24. Qg4 gxh5 25. Qxh5 Qc7 26. Be4 Qg7 27. Bd2 Qh6 28. Qg4 Kh8 29. Rg1 Bd7 30. Rg2 Rae8 31. Rd1 Nh4 32. Re2 Nf5 33. Bxf5 Rxf5 34. Qxf5 exf5 35. Nf7+ Kg7 36. Nxh6 Kxh6 37. Bc3 Be6 38. Bxd4 cxd4 39. Rxd4 Bxa2 40. Ra4 Bd5 41. Rxa7 Re7 42. Rd2 Rg7 43. Ra3 b5 44. Rg3 Ra7 45. Rg5 Be4 46. Rd8 Kh7 47. e6 1-0

[Event "Belgrade Serbia op"]
[Site "Belgrade"]
[Date "2024.07.20"]
[Round "8"]
[White "Apoorv, Kamble"]
[Black "Popovic, Dragan B"]
[Result "1-0"]
[WhiteElo "2269"]
[BlackElo "2159"]
[PlyCount "95"]
[EventDate "2024.07.12"]
[EventType "swiss"]
[EventRounds "9"]
[EventCountry "SRB"]
[SourceTitle "CBM 221 Extra"]
[Source "ChessBase"]
[SourceDate "2024.09.30"]
[SourceVersion "1"]
[SourceVersionDate "2024.09.30"]
[SourceQuality "1"]

1. e4 c5 2. Nf3 Nc6 3. d4 cxd4 4. Nxd4 e5 5. Nb5 d6 6. N1c3 a6 7. Na3 Be7 8. Nc4 b5 9. Ne3 Nf6 10. g3 0-0 11. Bg2 b4 12. Ncd5 Nxd5 13. Nxd5 Bg5 14. Bxg5 Qxg5 15. a3 Rb8 16. axb4 Nxb4 17. Ne3 Rd8 18. c3 Nc6 19. b4 Na7 20. 0-0 Nb5 21. h4 Qh6 22. Qd3 Bb7 23. Nf5 Qf6 24. c4 Nc7 25. Rfd1 Ne8 26. Ne3 Nc7 27. Nf5 Ne8 28. Rab1 g6 29. Ne3 Kg7 30. Qa3 Qe6 31. Rb2 Nf6 32. f3 Nh5 33. Kh2 f5 34. exf5 gxf5 35. Bh3 Rf8 36. Qd3 Qg6 37. Rg2 Bxf3 38. Nxf5+ Rxf5 39. Bxf5 e4 40. Bxg6 exd3 41. Bxh5 Bxd1 42. Bxd1 Rxb4 43. Rd2 Rxc4 44. Rxd3 Rc6 45. Rd5 Rb6 46. Kh3 Kf6 47. Bg4 h6 48. Be2 1-0

[Event "Belgrade Trophy 36th"]
[Site "Belgrade"]
[Date "2023.12.03"]
[Round "9"]
[White "Popovic, Dragan B"]
[Black "Milutinovic, Dejan D"]
[Result "1-0"]
[WhiteElo "2291"]
[BlackElo "1907"]
[PlyCount "83"]
[EventDate "2023.11.25"]
[EventType "swiss"]
[EventRounds "9"]
[EventCountry "SRB"]
[SourceTitle "CBM 217 Extra"]
[Source "ChessBase"]
[SourceDate "2024.01.31"]
[SourceVersion "1"]
[SourceVersionDate "2024.01.31"]
[SourceQuality "1"]

1. d4 d6 2. e4 Nf6 3. Nc3 Nbd7 4. Nf3 e5 5. a4 a5 6. Bc4 Be7 7. Ng5 0-0 8. Bxf7+ Rxf7 9. Ne6 Qe8 10. Nxc7 Qd8 11. Nxa8 b6 12. Nb5 Nxe4 13. 0-0 Bb7 14. Nac7 exd4 15. Ne6 Qc8 16. f3 Ne5 17. Nexd4 Nf6 18. Qe1 Bd5 19. b3 Rf8 20. c4 Bf7 21. f4 Ng6 22. Ba3 Re8 23. Qb1 d5 24. Qf5 Qb7 25. Bxe7 Qxe7 26. Rae1 Qxe1 27. Rxe1 Rxe1+ 28. Kf2 Re4 29. g3 h5 30. Qc8+ Re8 31. Qc7 dxc4 32. bxc4 Ng4+ 33. Kf3 Bxc4 34. Qxc4+ Kh8 35. Qc7 Re3+ 36. Kg2 Rd3 37. Nf5 Rd2+ 38. Kf3 Rf2+ 39. Ke4 Nf6+ 40. Kd3 Rf3+ 41. Ke2 Re3+ 42. Nxe3 1-0